00337nam a22000977a 4500008004100000020001500041082002100056245009900077260005500176300000800231230626b xxu||||| |||| 00| 0 eng d a9987666329 a337.11bEAC 2003 a Report of the 2nd East African Community Summit Meeting of Heads of State bArusha, Tanzania  aTanzania bEast African Community Secretaiatc2003 a30p